| 000 | 01278nam a22002057a 4500 | ||
|---|---|---|---|
| 003 | BDDh-ASL | ||
| 005 | 20231015031215.0 | ||
| 008 | 200914s1990 ii ||||| |||| 00| 0 b d | ||
| 040 |
_aBDDh-ASL _cBDDh-ASL _dBDDh-ASL |
||
| 041 | _abengali | ||
| 082 |
_a294.5 _bMOH |
||
| 245 | 0 | 0 |
_aকাশীদাসী মহাভারত / _cসুবোদচন্দ্র মজুমদার (সম্পা.) |
| 246 | _aMohabharat. | ||
| 260 |
_aকলিকাতা: _bদেব সাহিত্য কুটীর প্রাইভেট লিমিটেড, _c১৯৯০। |
||
| 300 |
_a১২৩২ পৃষ্ঠা: _c২৫ সে.মি. |
||
| 650 | 0 |
_aHindu Religion (হিন্দু ধর্ম), Hindu dharma, Hinduism, হিন্দুধর্ম, হিন্দুয়ানি, দেবদেবী, Dēbadēbī, Goddess, Dēba-dēbī, দেব-দেবী, Gods and Goddesses, হিন্দু ধর্মের ইতিহাস, Hindu dharmēra itihāsa, History of Hinduism, হিন্দু আইন, Hindu ā'ina, Hindu Law, _xMohabharat (মহাভারত) _96132 |
|
| 650 | 0 |
_aMohabharat (মহাভারত) _97427 |
|
| 700 | 1 |
_9732 _aমজুমদার, সুবোদচন্দ্র |
|
| 942 |
_2ddc _cBK |
||
| 999 |
_c30912 _d30912 |
||